000 00386nam a2200145Ia 4500
008 230711s9999||||xx |||||||||||||| ||und||
041 _aENG
082 _a624
_bHA-W
100 _aHaestad,Methods
245 0 _aAdvanced water distribution modeling and management
250 _a1st Ed.
260 _c2003
_aNew Delhi
_bOxford University Press
650 _aCivil Engineering
942 _cBK
999 _c4390
_d4390